Religion at the cross-roads (Record no. 214371)

MARC details
000 -LEADER
fixed length control field 00365nam a2200145Ia 4500
008 - FIXED-LENGTH DATA ELEMENTS--GENERAL INFORMATION
fixed length control field 230917s9999||||xx |||||||||||||| ||und||
040 ## - CATALOGING SOURCE
-- 49813
Original cataloging agency VIVEKANANDA LIBRARY
041 ## - Language
-- English
082 ## - DDC NUMBER
Classification number 200 V181R
100 ## - MAIN ENTRY--PERSONAL NAME
Personal name Vahiduddin, Syed
245 #0 - TITLE STATEMENT
Title Religion at the cross-roads
260 ## - PUBLICATION, DISTRIBUTION, ETC. (IMPRINT)
Place of publication, distribution, etc Delhi
Name of publisher, distributor, etc Idarah-i Adabiyat-i Delli
Date of publication, distribution, etc 1980
300 ## - PHYSICAL DESCRIPTION
Pages xv, 48 p.
942 ## - ADDED ENTRY ELEMENTS (KOHA)
Koha item type Books
Holdings
Withdrawn status Lost status Damaged status Not for loan Location (home branch) Sublocation or collection (holding branch) Date acquired Koha issues (times borrowed) Koha full call number Accession No. Koha date last seen Koha item type
        VIVEKANANDA LIBRARY VIVEKANANDA LIBRARY 09/12/2002   200 V181R 78082 17/09/2023 Books
© Designed and Maintained by Vivekananda Library, MDU Rohtak